| 000 | 01020nam a2200277Ia 4500 | ||
|---|---|---|---|
| 001 | Para_2868 | ||
| 003 | CHAP | ||
| 008 | 220125s1986 xx 000 0 und d | ||
| 010 | _a201401 | ||
| 040 | _cCHAP | ||
| 090 | _aPA TESIS 493 | ||
| 100 |
_aSánchez Damián, José Benjamín _9107448 |
||
| 245 |
_aFluctuación de poblaciones de insectos del algodonero correlacionada con la temperatura / _c por José Benjamín Sánchez Damián |
||
| 260 |
_aChapingo, Méx. : _b El autor |
||
| 300 | _a78 h. | ||
| 502 | _aTesis (Ing. Agr. Esp. en Parasitología Agrícola) -- UACh. Departamento de Parasitología Agrícola | ||
| 650 |
_aAlgodón _x Plagas Entomología económica Algodón _x Baja California Temperatura _x Efecto en insectos _9166309 |
||
| 710 |
_aUACh. Departamento de Parasitología Agrícola _9115877 |
||
| 901 | _aPA TESIS 493 | ||
| 902 | _aA | ||
| 905 | _a0000001986 CHAi 0000000000 00 | ||
| 910 | _a1986 | ||
| 942 | _cPARA | ||
| 942 |
_cPARA _d1 |
||
| 999 |
_c201401 _d201401 |
||